| 000 | 01513nam a2200289 a 4500 | ||
|---|---|---|---|
| 001 | 000039497 | ||
| 003 | OSt | ||
| 005 | 20240412074300.0 | ||
| 007 | ta | ||
| 008 | 100329s1983 dr ac 000 e spa d | ||
| 040 |
_aDO-SdBNP _bspa _cBNPHU |
||
| 082 | 4 |
_aRD863.4408 _bP925c 1983 _222 |
|
| 111 | 2 |
_aPremio Casa de Teatro _n(7. : _d1983 : _cSanto Domingo) _965682 |
|
| 245 | 1 | 0 | _aCuentos premiados 1983. |
| 260 |
_aSanto Domingo : _bCasa de Teatro ; _bE. León Jimenes, _c1983. |
||
| 300 |
_a109 p. : _bil., retrs. ; _c21 cm. |
||
| 500 | _aRecopilación de los trabajos galardonados por el VII premio Casa de Teatro." | ||
| 505 | 0 |
_aMensiones honoríficas -- _tEstabas previstos / _rRael García R. -- _tSucede siempre / _rRael García R. -- _tUrchin y los jevitos / _rMarino Castillo Lacay -- _tOficio de ocioso / _rJosé Enrique García -- _tCuando vuelan las mariposas / _rRamón Tejera Read -- _tPor debajo de la noche / _rPedro Peix -- _tSonata para gato, Tambor y piano / _rJosé Bobadilla -- _tParaheri / _rMaría C. Vicente Yepes -- _tViaje alrededor y dentro de mi mismo / _rFernando Valerio Holguín -- _tEl tacto y la sierpe / _rReynaldo Disla. |
|
| 586 | _aPremios del VII Concurso de Cuentos de Casa de Teatro | ||
| 590 | _aInventariado, 2020/VM | ||
| 650 | 4 |
_aCuentos dominicanos _vColecciones _9146 |
|
| 650 | 0 |
_aLiteratura dominicana. _967 |
|
| 650 | 4 |
_aCertámenes literarios _965683 |
|
| 710 | 2 |
_aCasa de Teatro (República Dominicana) _926649 |
|
| 910 | _aValidado. Control de calidad MFF | ||
| 942 |
_2ddc _cLBS1 |
||
| 999 |
_c38987 _d38987 |
||